[Event "GER-ch (Women) op"]
[Site "Augsburg"]
[Date "2024.03.10"]
[Round "9"]
[White "Rogule, Laura"]
[Black "Buksa, Nataliya"]
[Result "0-1"]
[WhiteElo "2277"]
[BlackElo "2388"]
[PlyCount "58"]
[EventDate "2024.03.06"]
[EventType "swiss"]
[EventRounds "9"]
[EventCountry "GER"]
[SourceTitle "CB12_2024"]
[SourceDate "2023.10.01"]
[SourceVersion "1"]
[SourceVersionDate "2023.10.01"]
[SourceQuality "1"]

1. d4 d5 2. c4 e6 3. Nf3 Nf6 4. g3 Be7 5. Bg2 0-0 6. 0-0 dxc4 7. Qc2 c6 8. Nbd2 b5 9. b3 cxb3 10. Nxb3 a5 11. a4 Ba6 12. Bd2 b4 13. Rfe1 Nbd7 14. Bg5 Rc8 15. Bxf6 Bxf6 16. Rad1 Qc7 17. e4 c5 18. d5 exd5 19. Rxd5 Bb7 20. Rxd7 Qxd7 21. e5 Be7 22. Nxa5 Ba8 23. e6 fxe6 24. Ne5 Qc7 25. Nac6 Bf6 26. Be4 g6 27. Qc4 Bxe5 28. Qxe6+ Kg7 29. Nxe5 Rce8 0-1

[Event "GER-ch (Women) op"]
[Site "Augsburg"]
[Date "2024.03.08"]
[Round "4"]
[White "Sachi, Jain"]
[Black "Rogule, Laura"]
[Result "0-1"]
[WhiteElo "1992"]
[BlackElo "2277"]
[PlyCount "94"]
[EventDate "2024.03.06"]
[EventType "swiss"]
[EventRounds "9"]
[EventCountry "GER"]
[SourceTitle "CB12_2024"]
[SourceDate "2023.10.01"]
[SourceVersion "1"]
[SourceVersionDate "2023.10.01"]
[SourceQuality "1"]

1. e4 c5 2. Nf3 d6 3. d4 cxd4 4. Nxd4 Nf6 5. Nc3 a6 6. Nb3 Nbd7 7. a4 b6 8. Be3 e6 9. g4 Bb7 10. Bg2 h6 11. h4 Rc8 12. g5 Rxc3 13. bxc3 Nxe4 14. Qd3 Ne5 15. Qd4 Nxg5 16. Bxg5 Bxg2 17. Bxd8 Nf3+ 18. Ke2 Nxd4+ 19. cxd4 Bxh1 20. Bxb6 Ba8 21. c4 Kd7 22. Rc1 Be7 23. c5 Rc8 24. cxd6 Rxc1 25. Nxc1 Bxd6 26. Nd3 Bc6 27. Nc5+ Ke8 28. a5 h5 29. Ke3 Bb5 30. Ne4 Be7 31. Ng5 Bc6 32. Kf4 Bd5 33. Bc7 f6 34. Nf3 Bxf3 35. Kxf3 Kd7 36. Bb6 f5 37. Kg3 Kc6 38. Kf4 Bxh4 39. Ke5 Kd7 40. Kf4 Bf6 41. Bc5 Kc6 42. Bb6 Kd5 43. Ke3 g5 44. Bc5 h4 45. Bb6 h3 46. Kf3 g4+ 47. Kg3 Bxd4 0-1

[Event "Riga Tech Rapid op"]
[Site "Riga"]
[Date "2023.08.06"]
[Round "6"]
[White "Povilaitis, Tomas"]
[Black "Rogule, Laura"]
[Result "0-1"]
[WhiteElo "2074"]
[BlackElo "2241"]
[PlyCount "166"]
[EventDate "2023.08.06"]
[EventType "swiss (rapid)"]
[EventRounds "9"]
[EventCountry "LAT"]
[SourceTitle "CBM 215 Extra"]
[Source "ChessBase"]
[SourceDate "2023.09.30"]
[SourceVersion "1"]
[SourceVersionDate "2023.09.30"]
[SourceQuality "1"]

1. e4 c5 2. Nc3 Nc6 3. Bb5 Nd4 4. Bc4 g6 5. Nge2 Bg7 6. Nxd4 cxd4 7. Qf3 Nh6 8. d3 0-0 9. Nb5 Qb6 10. a4 a6 11. Na3 Qa5+ 12. Bd2 Qxa4 13. 0-0 Qc6 14. Bd5 Qc7 15. Bf4 d6 16. h3 Be6 17. Bc4 b5 18. Ba2 Rac8 19. Qg3 Kh8 20. Qh4 Ng8 21. Bh2 Bxa2 22. Rxa2 f5 23. b3 fxe4 24. Qxe4 e5 25. Nb1 Nf6 26. Qe2 Nd5 27. Rxa6 Nb4 28. Ra3 Qxc2 29. Nd2 Nxd3 30. b4 Nxb4 31. Rb3 Nd5 32. Qxb5 Nc3 33. Qd7 Qxd2 34. Rb7 Rg8 35. Qxd6 Ne4 36. Qe7 Rce8 37. Qc7 Qg5 38. f4 Qd8 39. Qc6 Nc3 40. fxe5 Re7 41. e6 Rxb7 42. Qxb7 d3 43. e7 Qd4+ 44. Kh1 d2 45. Qb3 Qd5 46. Qxd5 Nxd5 47. Rd1 Nxe7 48. Rxd2 Rc8 49. Bf4 Nf5 50. g4 Nd4 51. Ra2 Rf8 52. Bd6 Rd8 53. Be7 Re8 54. Bb4 h6 55. Kg1 Nf3+ 56. Kf2 Nh4 57. Bc5 g5 58. Ra7 Ng6 59. Kg3 Be5+ 60. Kf3 Nf4 61. Ra6 Kg7 62. Ra7+ Kg6 63. Ra6+ Re6 64. Ra8 Nxh3 65. Ke4 Bh2+ 66. Kd5 Re5+ 67. Kd4 Re6 68. Kd5 Rf6 69. Rg8+ Kh7 70. Re8 Nf4+ 71. Kc4 Ng6 72. Bd4 Rf7 73. Kd5 Rd7+ 74. Kc4 Re7 75. Ra8 Be5 76. Bc5 Rd7 77. Re8 Bg7 78. Re4 Ne5+ 79. Kb5 Rb7+ 80. Ka6 Rf7 81. Rb4 Nd3 82. Rc4 Nxc5+ 83. Rxc5 Rf4 0-1

[Event "Riga Tech Rapid op"]
[Site "Riga"]
[Date "2023.08.06"]
[Round "9"]
[White "Rogule, Laura"]
[Black "Carlsson, Ludvig"]
[Result "1-0"]
[WhiteElo "2241"]
[BlackElo "2358"]
[PlyCount "97"]
[EventDate "2023.08.06"]
[EventType "swiss (rapid)"]
[EventRounds "9"]
[EventCountry "LAT"]
[SourceTitle "CBM 215 Extra"]
[Source "ChessBase"]
[SourceDate "2023.09.30"]
[SourceVersion "1"]
[SourceVersionDate "2023.09.30"]
[SourceQuality "1"]

1. d4 Nf6 2. c4 g6 3. Nf3 Bg7 4. g3 d5 5. cxd5 Nxd5 6. Bg2 Nb6 7. Nc3 Nc6 8. e3 0-0 9. 0-0 Re8 10. b3 e5 11. Nxe5 Nxe5 12. dxe5 Bxe5 13. Bb2 c6 14. Qc2 Qe7 15. Rad1 Bg4 16. f3 Bd7 17. f4 Bg7 18. e4 Rad8 19. h3 Bc8 20. Kh2 h5 21. Ne2 Bxb2 22. Qxb2 Nd7 23. e5 Nc5 24. Nd4 Ne6 25. Nf3 c5 26. f5 gxf5 27. Qc1 Kg7 28. Nh4 Nd4 29. Rxd4 Rxd4 30. Rxf5 Rh8 31. Rg5+ Kf8 32. Nf3 Rd8 33. Qc4 Be6 34. Qf4 b5 35. Nh4 Ke8 36. Bc6+ Bd7 37. Nf5 Bxc6 38. Nxe7 Kxe7 39. Qf6+ Kd7 40. Qd6+ Kc8 41. Qxc6+ Kb8 42. Qxb5+ Ka8 43. Qe2 Rd4 44. Rf5 Rhd8 45. Rf2 h4 46. gxh4 R8d7 47. e6 fxe6 48. Qxe6 Kb7 49. h5 1-0

[Event "LTU-chT (Women)"]
[Site "Lithuania"]
[Date "2023.04.22"]
[Round "5"]
[White "Zaksaite, Salomeja"]
[Black "Rogule, Laura"]
[Result "1-0"]
[WhiteElo "2267"]
[BlackElo "2251"]
[PlyCount "65"]
[EventDate "2023.03.04"]
[EventType "team-swiss"]
[EventRounds "6"]
[EventCountry "LTU"]
[SourceTitle "EXT 2024"]
[Source "ChessBase"]
[SourceDate "2023.10.10"]
[SourceVersion "1"]
[SourceVersionDate "2023.10.10"]
[SourceQuality "1"]
[WhiteTeam "Kaunas Margiris (W)"]
[BlackTeam "Panevezys (W)"]
[WhiteTeamCountry "LTU"]
[BlackTeamCountry "LTU"]

1. e4 c5 2. Nf3 d6 3. d4 cxd4 4. Nxd4 Nf6 5. Nc3 a6 6. Bc4 e6 7. 0-0 b5 8. Bb3 Qc7 9. Qf3 Bb7 10. Re1 Nbd7 11. Bg5 Ne5 12. Qh3 Qb6 13. Bxf6 Qxd4 14. Bg5 Nc4 15. a4 Qc5 16. axb5 axb5 17. Rxa8+ Bxa8 18. Bxc4 bxc4 19. Be3 Qb4 20. Bd4 Bb7 21. Kf1 e5 22. Nd5 Bxd5 23. Qc8+ Ke7 24. exd5 c3 25. Rxe5+ dxe5 26. Bc5+ Kf6 27. Bxb4 cxb2 28. Qc6+ Kf5 29. g4+ Kxg4 30. Qc4+ Kf5 31. Qb3 Bxb4 32. Qxb4 Rd8 33. c4 1-0

[Event "Riga Tech op 11th"]
[Site "Riga"]
[Date "2022.08.16"]
[Round "3"]
[White "Rogule, Laura"]
[Black "Keinanen, Toivo"]
[Result "0-1"]
[WhiteElo "2292"]
[BlackElo "2478"]
[PlyCount "90"]
[EventDate "2022.08.15"]
[EventType "swiss"]
[EventRounds "9"]
[EventCountry "LAT"]
[SourceTitle "CBM 209 Extra"]
[Source "ChessBase"]
[SourceDate "2022.09.30"]
[SourceVersion "1"]
[SourceVersionDate "2022.09.30"]
[SourceQuality "1"]

1. c4 e6 2. Nf3 d5 3. e3 Nf6 4. b3 Be7 5. Bb2 0-0 6. d3 c5 7. Nbd2 Nc6 8. cxd5 exd5 9. Be2 d4 10. exd4 cxd4 11. 0-0 Bf5 12. Ne4 Re8 13. Nxf6+ Bxf6 14. Re1 Qa5 15. a3 Qb6 16. Rb1 Ne7 17. Rc1 Nd5 18. b4 Nc3 19. Qd2 Rec8 20. Bf1 h6 21. Ne5 Be6 22. Nc4 Qd8 23. g3 Bd5 24. Ne5 Qd6 25. f4 a5 26. Bxc3 dxc3 27. Rxc3 Rd8 28. Rc5 axb4 29. axb4 Ra2 30. Qc3 b6 31. Rc8 Be6 32. Rxd8+ Bxd8 33. Re2 Ra4 34. Re4 b5 35. Bg2 Bb6+ 36. Kh1 Ra2 37. Re1 Bd4 38. Qc6 Qxb4 39. Qe8+ Kh7 40. Be4+ g6 41. Rg1 Qb2 42. Ng4 Bxg1 43. f5 gxf5 44. Qe7 fxe4 45. Nf6+ Kg6 0-1

[Event "Olympiad Women-44"]
[Site "Chennai"]
[Date "2022.08.08"]
[Round "10.1"]
[White "Georgescu, Lena"]
[Black "Rogule, Laura"]
[Result "0-1"]
[WhiteElo "2279"]
[BlackElo "2292"]
[PlyCount "116"]
[EventDate "2022.07.29"]
[EventType "team-swiss"]
[EventRounds "11"]
[EventCountry "IND"]
[SourceTitle "CBM 210"]
[Source "ChessBase"]
[SourceDate "2022.10.31"]
[SourceVersion "1"]
[SourceVersionDate "2022.10.31"]
[SourceQuality "1"]
[WhiteTeam "Switzerland (W)"]
[BlackTeam "Latvia (W)"]
[WhiteTeamCountry "SUI"]
[BlackTeamCountry "LAT"]

1. e4 c5 2. Nf3 Nc6 3. Bb5 g6 4. 0-0 Bg7 5. c3 Nf6 6. Re1 0-0 7. d4 d5 8. e5 Ne4 9. Bxc6 bxc6 10. Be3 Qb6 11. Qc1 c4 12. Nbd2 Nxd2 13. Nxd2 Bf5 14. b3 Bd3 15. Qd1 Qa5 16. Rc1 Qxa2 17. bxc4 dxc4 18. h4 a5 19. h5 a4 20. h6 Bh8 21. Ra1 Qb2 22. Rxa4 Qxc3 23. Qa1 Qxa1 24. Rexa1 Rxa4 25. Rxa4 c3 26. Nf3 f6 27. Ra3 Be4 28. exf6 exf6 29. Rxc3 g5 30. Ne1 Kf7 31. Nd3 Rb8 32. f3 Bd5 33. Nf2 f5 34. Nd3 f4 35. Bf2 Rb1+ 36. Kh2 Kg6 37. Ne5+ Bxe5 38. dxe5 Rb2 39. Kg1 Re2 40. Rc1 Kxh6 41. Re1 Rxe1+ 42. Bxe1 Kg6 43. Bb4 Kf5 44. Bd6 h5 45. Kf2 Be6 46. Ke2 Bc8 47. Kf2 Ke6 48. Ke2 Kd5 49. Be7 g4 50. Bd6 Be6 51. Kf2 Kd4 52. g3 fxg3+ 53. Kxg3 gxf3 54. Kxf3 h4 55. Kf4 c5 56. Kg5 h3 57. Kf6 Kd5 58. Bxc5 h2 0-1

[Event "Olympiad Women-44"]
[Site "Chennai"]
[Date "2022.07.30"]
[Round "2.1"]
[White "Vantika, Agrawal"]
[Black "Rogule, Laura"]
[Result "1-0"]
[WhiteElo "2371"]
[BlackElo "2292"]
[PlyCount "141"]
[EventDate "2022.07.29"]
[EventType "team-swiss"]
[EventRounds "11"]
[EventCountry "IND"]
[SourceTitle "CBM 210"]
[Source "ChessBase"]
[SourceDate "2022.10.31"]
[SourceVersion "1"]
[SourceVersionDate "2022.10.31"]
[SourceQuality "1"]
[WhiteTeam "India (W) II"]
[BlackTeam "Latvia (W)"]
[WhiteTeamCountry "IND"]
[BlackTeamCountry "LAT"]

1. d4 Nf6 2. c4 e6 3. Nf3 b6 4. g3 Ba6 5. b3 c6 6. Bg2 d5 7. 0-0 Nbd7 8. Qc2 Rc8 9. Bb2 c5 10. Nbd2 Be7 11. Rac1 dxc4 12. Nxc4 0-0 13. Rfd1 Qe8 14. Qb1 b5 15. Nce5 b4 16. e3 Nb6 17. dxc5 Bxc5 18. Ng5 h6 19. Ne4 Nxe4 20. Qxe4 Nd5 21. Nc4 Qe7 22. Qe5 f6 23. Qh5 Bb7 24. Qe2 Rfd8 25. h4 Ba8 26. Qg4 Nb6 27. Rxd8+ Rxd8 28. Bxa8 Rxa8 29. Rd1 Nd5 30. Qe4 Rd8 31. Qc2 Rd7 32. Rd3 Qf7 33. e4 Nb6 34. Rxd7 Qxd7 35. Ne5 fxe5 36. Qxc5 Qd1+ 37. Kg2 Nd7 38. Qxa7 Kf7 39. Qa8 Qd3 40. Qc6 Ke7 41. Qb7 Qd6 42. Bc1 h5 43. Be3 Kf8 44. Qc8+ Kf7 45. Qc2 Kg6 46. Qd2 Qe7 47. f3 Nb8 48. Bf2 Nc6 49. f4 Kh7 50. Qe2 g6 51. Qb5 Qd6 52. Qc5 Qd7 53. fxe5 Qb7 54. Qd6 Ne7 55. Kh2 Ng8 56. Qxe6 Qxe4 57. Qf7+ Kh8 58. Qf4 Qc2 59. Kg2 Qxa2 60. e6 Qe2 61. Qf7 Qe4+ 62. Kg1 Nh6 63. Qf6+ Kh7 64. Qe7+ Kg8 65. Qd8+ Kh7 66. Qd7+ Kg8 67. e7 Qb1+ 68. Kh2 Ng4+ 69. Qxg4 hxg4 70. e8Q+ Kh7 71. Qf7+ 1-0

[Event "BL 2122 (Women)"]
[Site "Germany"]
[Date "2022.05.25"]
[Round "9.2"]
[White "Kulon, Klaudia"]
[Black "Rogule, Laura"]
[Result "0-1"]
[WhiteElo "2305"]
[BlackElo "2297"]
[PlyCount "76"]
[EventDate "2021.11.27"]
[EventType "team-tourn"]
[EventRounds "11"]
[EventCountry "GER"]
[SourceTitle "EXT 2023"]
[Source "ChessBase"]
[SourceDate "2022.10.05"]
[SourceVersion "1"]
[SourceVersionDate "2022.10.05"]
[SourceQuality "1"]
[WhiteTeam "Leipzig Weissblau (W)"]
[BlackTeam "Loeberitz (W)"]
[WhiteTeamCountry "GER"]
[BlackTeamCountry "GER"]

1. c4 c5 2. Nc3 Nc6 3. g3 g6 4. Bg2 Bg7 5. a3 Nf6 6. Rb1 a5 7. e4 0-0 8. d3 d6 9. h3 Ne8 10. Nge2 Nc7 11. g4 Nd4 12. Be3 Bd7 13. a4 e6 14. h4 f5 15. h5 fxg4 16. hxg6 hxg6 17. e5 Bxe5 18. Nxd4 cxd4 19. Qxg4 dxe3 20. Qxg6+ Bg7 21. Be4 exf2+ 22. Kd2 Rf5 23. Bxf5 exf5 24. Rh2 Qf6 25. Qg2 Bc6 26. Qxf2 Ne6 27. Rf1 Nd4 28. Kc1 Re8 29. Kb1 Ne2 30. Nd1 Bxa4 31. Qb6 f4 32. Qxb7 Qd4 33. Nf2 Bc6 34. Qb3 a4 35. Qb4 Re7 36. Nd1 Qxd3+ 37. Ka1 Rb7 38. Qa5 Qa3+ 0-1

[Event "BL 2122 (Women)"]
[Site "Germany"]
[Date "2022.04.10"]
[Round "8.2"]
[White "Rogule, Laura"]
[Black "Stefanova, Antoaneta"]
[Result "1/2-1/2"]
[WhiteElo "2297"]
[BlackElo "2458"]
[PlyCount "99"]
[EventDate "2021.11.27"]
[EventType "team-tourn"]
[EventRounds "11"]
[EventCountry "GER"]
[SourceTitle "EXT 2023"]
[Source "ChessBase"]
[SourceDate "2022.10.05"]
[SourceVersion "1"]
[SourceVersionDate "2022.10.05"]
[SourceQuality "1"]
[WhiteTeam "Loeberitz (W)"]
[BlackTeam "Baden-Baden (W)"]
[WhiteTeamCountry "GER"]
[BlackTeamCountry "GER"]

1. c4 c6 2. Nf3 d5 3. e3 e6 4. b3 Nd7 5. Bb2 f5 6. Qc2 Ngf6 7. Nc3 Nc5 8. d3 a5 9. Be2 Bd6 10. Rd1 0-0 11. 0-0 Bd7 12. Ba3 Be8 13. Nd4 Qe7 14. cxd5 Nxd5 15. Nxd5 exd5 16. Bxc5 Bxc5 17. Nxf5 Rxf5 18. d4 Rg5 19. dxc5 Bg6 20. Qc3 Be4 21. f3 Bf5 22. Rfe1 Rg6 23. e4 Qg5 24. Bf1 dxe4 25. fxe4 Be6 26. g3 h5 27. Rd6 h4 28. Rxe6 Rxe6 29. Bc4 Qxc5+ 30. Re3 Qe7 31. Qe5 Re8 32. Qxa5 b5 33. Bxe6+ Qxe6 34. Qd2 Qe5 35. gxh4 Rf8 36. Re1 Rf4 37. Kh1 Kh7 38. Qg2 Rxh4 39. a4 bxa4 40. bxa4 Kh6 41. Qc2 g6 42. Qd2+ Kh5 43. Qf2 Rf4 44. Qg2 g5 45. Qh3+ Kg6 46. Qg2 Qa5 47. Rg1 Qe5 48. Re1 Qa5 49. Rg1 Qe5 50. Re1 1/2-1/2

[Event "BL 2122 (Women)"]
[Site "Germany"]
[Date "2022.04.09"]
[Round "7.2"]
[White "Schleining, Zoya"]
[Black "Rogule, Laura"]
[Result "1-0"]
[WhiteElo "2329"]
[BlackElo "2297"]
[PlyCount "83"]
[EventDate "2021.11.27"]
[EventType "team-tourn"]
[EventRounds "11"]
[EventCountry "GER"]
[SourceTitle "EXT 2023"]
[Source "ChessBase"]
[SourceDate "2022.10.05"]
[SourceVersion "1"]
[SourceVersionDate "2022.10.05"]
[SourceQuality "1"]
[WhiteTeam "Deizisau (W)"]
[BlackTeam "Loeberitz (W)"]
[WhiteTeamCountry "GER"]
[BlackTeamCountry "GER"]

1. d4 Nf6 2. c4 e6 3. Nc3 d5 4. Bf4 dxc4 5. e3 Nd5 6. Bxc4 Nxf4 7. exf4 g6 8. Nf3 Bg7 9. 0-0 0-0 10. Qd3 Nd7 11. Rad1 Qf6 12. g3 Rd8 13. Rfe1 c6 14. Qe2 b5 15. Bb3 Bb7 16. Ne4 Qe7 17. Neg5 Bf6 18. h4 a6 19. Nh2 h6 20. Ne4 c5 21. d5 exd5 22. Bxd5 Bxd5 23. Nxf6+ Qxf6 24. Rxd5 h5 25. f5 c4 26. fxg6 fxg6 27. Nf3 Re8 28. Qxe8+ Rxe8 29. Rxe8+ Kf7 30. Re3 Nf8 31. Ng5+ Kg7 32. Rf3 Qxb2 33. Rf7+ Kg8 34. Rd8 Qb4 35. Rc7 Qe1+ 36. Kg2 Qe5 37. Rdc8 Qd6 38. Kh2 Qd2 39. Rf7 Qd6 40. Ne4 Qa3 41. Rcc7 Kh8 42. Nf6 1-0

[Event "Motiva Online Blitz (Women)"]
[Site "Chess.com INT"]
[Date "2021.12.18"]
[Round "9"]
[White "Rogule, Laura"]
[Black "Soler Guerra, Jennys Dailin"]
[Result "1-0"]
[WhiteElo "2317"]
[BlackElo "1973"]
[PlyCount "93"]
[EventDate "2021.12.18"]
[EventType "swiss (blitz)"]
[EventRounds "13"]
[EventCountry "USA"]
[SourceTitle "CBM 205 Extra"]
[Source "ChessBase"]
[SourceDate "2022.01.31"]
[SourceVersion "1"]
[SourceVersionDate "2022.01.31"]
[SourceQuality "1"]

1. d4 d5 2. c4 e6 3. Nf3 Nf6 4. g3 c5 5. cxd5 exd5 6. Bg2 Nc6 7. 0-0 Be7 8. dxc5 Bxc5 9. a3 0-0 10. b4 Be7 11. Bb2 h6 12. Nc3 Be6 13. Nb5 a6 14. Nbd4 Nxd4 15. Nxd4 Rc8 16. Qd3 Qd7 17. Rac1 Bh3 18. Rfd1 Bxg2 19. Kxg2 Rfd8 20. Qf5 Qxf5 21. Nxf5 Kf8 22. Rxc8 Rxc8 23. Nxe7 Kxe7 24. Bxf6+ Kxf6 25. Rxd5 Rc2 26. Rd7 b5 27. Rd6+ Ke5 28. Rxa6 Rxe2 29. Ra5 Kd4 30. Rxb5 Ra2 31. Ra5 g6 32. Ra7 f5 33. Ra6 f4 34. Rxg6 Rxa3 35. Rg4 Ke5 36. Rxf4 h5 37. Rh4 Rb3 38. Rxh5+ Kf6 39. b5 Kg6 40. Rc5 Rb1 41. Rc6+ Kf5 42. b6 Rb2 43. h4 Kg4 44. Rg6+ Kf5 45. h5 Rb5 46. g4+ Kf4 47. h6 1-0

[Event "Motiva Online Blitz (Women)"]
[Site "Chess.com INT"]
[Date "2021.12.18"]
[Round "12"]
[White "Sovetbekova, Nurai"]
[Black "Rogule, Laura"]
[Result "0-1"]
[WhiteElo "1724"]
[BlackElo "2317"]
[PlyCount "88"]
[EventDate "2021.12.18"]
[EventType "swiss (blitz)"]
[EventRounds "13"]
[EventCountry "USA"]
[SourceTitle "CBM 205 Extra"]
[Source "ChessBase"]
[SourceDate "2022.01.31"]
[SourceVersion "1"]
[SourceVersionDate "2022.01.31"]
[SourceQuality "1"]

1. d4 d5 2. c4 e6 3. Nf3 Nf6 4. g3 dxc4 5. Bg2 Nc6 6. Qa4 Bb4+ 7. Bd2 Bd6 8. Qxc4 0-0 9. 0-0 e5 10. dxe5 Nxe5 11. Nxe5 Bxe5 12. Qc2 c6 13. Nc3 Qe7 14. e3 g6 15. a3 Rd8 16. Rad1 Bg4 17. f3 Be6 18. Na4 Nd5 19. Nc5 Bg7 20. e4 Bd4+ 21. Kh1 Qxc5 22. Qxc5 Bxc5 23. exd5 Rxd5 24. f4 Rd7 25. b4 Bb6 26. Bc3 Rad8 27. Rde1 Bd4 28. Bd2 Bb2 29. Be3 Bxa3 30. Bxa7 Bxb4 31. Rb1 Bc3 32. Bb6 Ra8 33. Be4 Bd5 34. Bxd5 Rxd5 35. Be3 b5 36. Rfc1 b4 37. Rc2 c5 38. Kg2 c4 39. Kf3 Re8 40. Rbc1 Rd3 41. Re2 Bd4 42. Rxc4 Rexe3+ 43. Rxe3 Rxe3+ 44. Kf2 Re4+ 0-1

[Event "Lindores Abbey Blitz Tal Memorial"]
[Site "Riga"]
[Date "2021.11.08"]
[Round "15.57"]
[White "Rogule, Laura"]
[Black "Arabidze, Meri"]
[Result "0-1"]
[WhiteElo "2129"]
[BlackElo "2432"]
[PlyCount "98"]
[EventDate "2021.11.08"]
[EventType "swiss (blitz)"]
[EventRounds "18"]
[EventCountry "LAT"]
[SourceTitle "CBM 205 Extra"]
[Source "ChessBase"]
[SourceDate "2022.01.31"]
[SourceVersion "1"]
[SourceVersionDate "2022.01.31"]
[SourceQuality "1"]

1. c4 e5 2. Nc3 Nc6 3. g3 g6 4. Bg2 Bg7 5. e4 d6 6. Nge2 h5 7. h4 Nf6 8. d3 Bg4 9. f3 Be6 10. Bg5 Qd7 11. Nd5 Nh7 12. Bd2 Ne7 13. Rc1 c6 14. Nxe7 Qxe7 15. b4 0-0 16. Be3 Rfd8 17. Qd2 d5 18. exd5 cxd5 19. c5 d4 20. Bf2 Nf6 21. 0-0 Nd5 22. Rfe1 a5 23. b5 Rdc8 24. f4 Rxc5 25. fxe5 Rxc1 26. Rxc1 Bxe5 27. Nxd4 Rd8 28. Nxe6 Qxe6 29. Qe2 Qd6 30. Kh2 Nf6 31. d4 Ng4+ 32. Kh1 Nxf2+ 33. Qxf2 Bxg3 34. Qf3 Bxh4 35. Qxb7 Qxd4 36. Rf1 Bf6 37. Qf3 Kg7 38. Bh3 Rd5 39. a4 Rg5 40. Bg2 Rg4 41. Bh3 Rh4 42. Kg2 Re4 43. Rf2 Re3 44. Qc6 Qh4 45. Rf3 Re2+ 46. Kg1 Bd4+ 47. Kh1 Qe1+ 48. Rf1 Qg3 49. Bg2 Qh4+ 0-1

[Event "Lindores Abbey Blitz Tal Memorial"]
[Site "Riga"]
[Date "2021.11.08"]
[Round "3.41"]
[White "Rogule, Laura"]
[Black "Vachier Lagrave, Maxime"]
[Result "0-1"]
[WhiteElo "2129"]
[BlackElo "2838"]
[PlyCount "104"]
[EventDate "2021.11.08"]
[EventType "swiss (blitz)"]
[EventRounds "18"]
[EventCountry "LAT"]
[SourceTitle "CBM 205 Extra"]
[Source "ChessBase"]
[SourceDate "2022.01.31"]
[SourceVersion "1"]
[SourceVersionDate "2022.01.31"]
[SourceQuality "1"]

1. c4 e5 2. Nc3 Nf6 3. g3 c6 4. Nf3 e4 5. Nd4 Bc5 6. Nb3 Bb4 7. Bg2 Qe7 8. 0-0 0-0 9. d3 d5 10. cxd5 cxd5 11. Bg5 Bxc3 12. bxc3 Nbd7 13. dxe4 dxe4 14. Qd4 Re8 15. Rfd1 b6 16. Bh3 Ne5 17. Bg2 Bb7 18. a4 h6 19. Bf4 Ng6 20. Bd6 Qe6 21. Qb4 Rad8 22. Qa3 e3 23. Bxb7 exf2+ 24. Kh1 f1Q+ 25. Rxf1 Qxd6 26. Qxd6 Rxd6 27. Nd4 Ne5 28. a5 Neg4 29. a6 Ne3 30. Rf3 Nc4 31. h3 Rdd8 32. Kg2 Nd5 33. Kf2 Nxc3 34. Rxc3 Rxd4 35. Rac1 b5 36. Bc6 Re5 37. Rd3 Rxd3 38. exd3 Nd6 39. Bb7 Re7 40. Bd5 g6 41. Rc6 Rd7 42. Bb3 Kf8 43. Rc5 Ke7 44. Re5+ Kd8 45. Ke3 Kc7 46. Kd2 Kb6 47. Bd5 Kxa6 48. Re1 Kb6 49. Kc3 a5 50. Rf1 b4+ 51. Kd4 Nf5+ 52. Ke5 Rxd5+ 0-1